| 000 | 01245naa a22003377a 4500 | ||
|---|---|---|---|
| 001 | BR8005146 | ||
| 003 | BR-BrBNA | ||
| 005 | 20240918174648.0 | ||
| 007 | ta | ||
| 008 | 230509b bl.||||| |||| 00| 0 por d | ||
| 040 |
_aBR-BrBNA _bpor _cBiblioteca Nacional de Agricultura |
||
| 041 | _a(Pt) | ||
| 072 |
_aH10 _b3103 _b3575 _b4020 _b3877 _bG514 |
||
| 090 | _aH10 BR8005146 | ||
| 100 | 1 | _aMonteiro, R.F.R. | |
| 100 | 1 | _aCordeiro, J.A. | |
| 100 | 1 | _aCordeiro, L. | |
| 111 | 1 |
_a1. Encontro da IUFRO _cCuritiba, PR (Brazil) _d21 Oct 1979 |
|
| 245 | 1 | _aEnsaio preliminar sobre tratamento de semente de Araucaria angustifolia para o combate a Laspeyresia araucariae [pinheiro-do-parana, lagarta, inseticida, controle quimico, Brasil] | |
| 260 | 3 |
_aCuritiba, PR (Brasil): _c1980. |
|
| 500 | _aProblemas Florestais do Genero Araucaria Curitiba, PR (Brasil): 1980. p. 259-264 (BR8005146-AM)H10 | ||
| 650 | _aPRAGA DE PLANTA | ||
| 650 | _aPINHEIRO-DO-PARANA | ||
| 650 | _aSEMENTE | ||
| 650 | _aLAGARTA | ||
| 650 | _aINSETICIDA | ||
| 650 | _aCONTROLE QUIMICO | ||
| 773 | 0 |
_tProblemas Florestais do Genero Araucaria _wH10 BR8005146 _gCuritiba, PR (Brasil), 1980. p. 259-264 |
|
| 909 |
_a202404 _bLucia _c55 _dLucia Elande |
||
| 942 |
_cAM _2AGRIS |
||
| 999 |
_c312688 _d312688 |
||